Sentino - King Sento 2 - Statystyki

Ogólne statystyki
  • Ten quiz został rozwiązany 24 razy
  • Średni wynik to 13 z 17
Statystyki odpowiedzi
King Sento 2 % Poprawnych
TRUMP
100%
CASABLANCA
90%
ZŁODZIEJ Z TELEWIZJI
90%
MARBELLA
85%
Ocean Beach
85%
200KM/H
80%
M JAK MIŁOŚĆ
80%
BARRIO
75%
RYSY NA ROLEXIE
75%
ALFREDO
70%
CLASSE INTERNATIONAL
70%
CASABLANCA - Remix
65%
WESH HABIB
65%
REAL MADRYT
60%
MIAŁEM BYĆ NIKIM
55%
MOJA DAMA
55%
NUMER 1 OLIS
55%
Nie znaleziono quizów pasujących do podanych kryteriów
Rozkład punktacji
Procent ludzi z każdym wynikiem
Percentyl według liczby udzielonych odpowiedzi
Twoja historia wyników
Nie rozwiązałeś tego quizu